000 00787nam a2200217 a 4500
001 54154
003 BD-RjUL
005 20211209080059.0
008 161102s2010 bg ||||| |||| 00| 0 ben d
020 _a9789848920015
_c: Tk 100.00
035 _a(BD-RjUL)54276
040 _aBD-RjUL
_bben
_cBD-RjUL
041 _aben
082 _223
_a891.441
_bBHA 2010
245 0 0 _aভাষা দিবসে নিবেদিত কবিতা অঞ্জলি /
260 _aঢাকা :
_bবাংলাদেশ বিশ্ববিদ্যালয় মঞ্জুরী কমিশন,
_c২০১০
300 _a৬৩ পৃ. ;
_c২১ সেমি.
650 _aবাংলা কবিতা
_9161665
650 _aBengali Poetry
_9161666
942 _2ddc
_cBK
999 _c54154
_d54154